000 01119nam a22003257a 4500
003 CHAP
005 20220329141417.0
008 971013s1987 r 00010 d
010 _a67719
011 _a68691
035 _a78164
040 _cCHAP
090 _aTesis
100 0 0 _aGarcía García, Guadalupe Javier.
_946027
245 _aDeterminación de la dieta seleccionada por las cabras en los agostaderos de Marín, N. L.
_b: diciembre 1986 a mayo 1987
260 _aMarín, N. L. :
_bEl autor,
_c1987
300 _a42 h.
500 _a25-99
502 _aTesis (Ing. Agrónomo Zootecnista) -- Univ. Autónoma de Nuevo León. Fac. de Agronomía
590 _aALEPH
_b10
_c20130110
_lUCH01
_h1403
590 _aBATCH-UPD
_b10
_c20130110
_lUCH01
_h1958
590 _aBATCH-UPD
_b10
_c20130410
_lUCH01
_h1318
590 _aBATCH-UPD
_b10
_c20130914
_lUCH01
_h1508
590 _aCONVERSION
_b10
_c20130109
_lUCH01
_h1337
650 1 4 _aGanado cabrío
_xAlimentación.
_944990
650 1 4 _aGanado cabrío
_xNuevo León.
_945029
901 _aBK
942 _cTESIS
949 _bBC
_cTES
_d-31038
_eTS1
_h20754
_i78164
_si
999 _c67719
_d67719